Central Library OPAC University of Rajshahi

ঈশ্বর গুপ্তের কবিতা সংগ্রহ / (Record no. 49308)

MARC details
000 -LEADER
fixed length control field 01026nam a22002417a 4500
001 - CONTROL NUMBER
control field 49308
003 - CONTROL NUMBER IDENTIFIER
rucl marc code BD-RjUL
005 - DATE AND TIME OF LATEST TRANSACTION
control field 20211209054649.0
008 - FIXED-LENGTH DATA ELEMENTS--GENERAL INFORMATION
fixed length control field 160820s1969 bg ||||| |||| 00| 0 ben d
035 ## - SYSTEM CONTROL NUMBER
System control number (BD-RjUL)49427
040 ## - CATALOGING SOURCE
Original cataloging agency BD-RjUL
Language of cataloging ben
Transcribing agency BD-RjUL
Modifying agency BD-RjUL
041 ## - LANGUAGE CODE
Language code of text/sound track or separate title ben
082 ## - DEWEY DECIMAL CLASSIFICATION NUMBER
Edition number 23
Classification number 891.441
Author mark and year ISH 1969
100 ## - MAIN ENTRY--PERSONAL NAME
Personal name গুপ্ত, ঈশ্বরচন্দ্র
9 (RLIN) 149540
245 1# - TITLE STATEMENT
Title ঈশ্বর গুপ্তের কবিতা সংগ্রহ /
Statement of responsibility, etc. ঈশ্বরচন্দ্র গুপ্ত ; মুহম্মদ আবদুল হাই ; আনোয়ার পাশা
260 ## - PUBLICATION, DISTRIBUTION, ETC. (IMPRINT)
Place of publication, distribution, etc. ঢাকা :
Name of publisher, distributor, etc. এম/এস মাওলা বাদ্রাস,
Date of publication, distribution, etc. ১৯৬৯.
300 ## - PHYSICAL DESCRIPTION
Pagination ৪৪৪ পৃ. ;
Size ২৪ সেমি.
650 ## - SUBJECT ADDED ENTRY--TOPICAL TERM
Topical term or geographic name as entry element বাংলা কবিতা
9 (RLIN) 148107
Topical term or geographic name as entry element Bangla Poetry
9 (RLIN) 120455
700 ## - ADDED ENTRY--PERSONAL NAME
Personal name পাশা, আনোয়ার
Personal name হাই, মুহম্মদ আবদুল
942 ## - ADDED ENTRY ELEMENTS (KOHA)
Source of classification or shelving scheme Dewey Decimal Classification
Koha item type Books
Holdings
Lost status Source of classification or shelving scheme Damaged status Not for loan Collection code Permanent Location Current Location Shelving location Date acquired Source of acquisition Cost, normal purchase price Total Checkouts Full call number Date last seen Copy number Koha item type
  Dewey Decimal Classification     Non-fiction Central Library, University of Rajshahi Central Library, University of Rajshahi   10/08/1974 Bangla Academy, Dhaka 16.00   B 891.441 ISH 1969 20/08/2016 C-2 Books
  Dewey Decimal Classification     Non-fiction Central Library, University of Rajshahi Central Library, University of Rajshahi   10/08/1974 Bangla Academy, Dhaka 16.00   B 891.441 ISH 1969 20/08/2016 C-3 Books